V znamení boja proti kríze 25. zjazd Komunistickej strany Francúzska

Bibliographic Details
Main Author: Lorenc, Karol (Author)
Format: Article
Language:Slovak
Subjects:

MARC

LEADER 00000nab a2200000 a 4500
001 vtls000233665
003 SK-MaSNL
005 20260302212710.0
008 111130c1985 xo 0 slo
015 |a SNBRB19rr/mm-uuuuu 
035 |a CL0243779 
040 |a SNKBUCL  |b slo  |c SNKBUCL  |e AACR2 
041 0 |a slo 
044 |a xo  |c SK 
080 |a 329.15(100-19)(44):061.3  |2 1981 
080 |a 061.3  |2 1981 
100 1 |a Lorenc, Karol  |4 aut  |9 937702 
245 1 0 |a V znamení boja proti kríze  |b 25. zjazd Komunistickej strany Francúzska  |c Karol Lorenc 
650 0 7 |a Francúzska komunistická strana  |2 snkbucl  |9 926585 
655 7 |a články z novín a časopisov  |2 snkbucl  |9 267496 
773 0 |t Život strany  |g Č. 5 (1985), s. 40-41 
850 |a Slovenská národná knižnica v Martine  |a MTA001 
852 |a SNK  |b KIS3GCP 
958 |a RK 
992 |a RBX 
999 |c 1490313  |d 1492243